An introduction to object-oriented analysis : objects in plain English /
Bewaard in:
| Hoofdauteur: | |
|---|---|
| Formaat: | Boek |
| Taal: | English |
| Gepubliceerd in: |
New York :
John Wiley and Sons,
1997.
|
| Onderwerpen: | |
| Tags: |
Voeg label toe
Geen labels, Wees de eerste die dit record labelt!
|
| Thư viện lưu trữ: | Mạng thư viện Đại học Đà Nẵng |
|---|
| LEADER | 00837cam a2200313 i 4500 | ||
|---|---|---|---|
| 001 | 000045096 | ||
| 003 | 4220 | ||
| 005 | 20031105042640.0 | ||
| 008 | 010220b1997 vm 000 eng | ||
| 020 | |a 0471110280 | ||
| 040 | |a IRC |c IRC |d IRC | ||
| 041 | 0 | |a eng | |
| 082 | 1 | 4 | |a 005.12 |b BR-D |
| 100 | 1 | |a Brown, David. | |
| 245 | 0 | 3 | |a An introduction to object-oriented analysis : |b objects in plain English / |c Dvid Brown. |
| 260 | |a New York : |b John Wiley and Sons, |c 1997. | ||
| 300 | |a xxxv, 700p. | ||
| 630 | 0 | 4 | |a Computer Programming. |
| 650 | 0 | 4 | |a Object-oriented methods (Computer science) |
| OWN | |a DUT | ||
| 999 | |a From the UDN01 | ||
| TYP | |a Monograph | ||
| TYP | |a Printed language | ||
| 980 | |a Mạng thư viện Đại học Đà Nẵng | ||


